Citations Rap francais - Statistiques

Statistiques générales
  • Ce quiz a été pris 14 fois
  • Le résultat moyen est 9 sur 40
Statistiques - réponses
Hint Réponse % Correct
Si le monde est a moi le monde est à nous Booba
77%
Ma mère, c'est ma reine, j'la laisse même pas mettre les couvert Naps
62%
Ne joue pas le gros dans la street, tu te feras monter par un cadet Niska
62%
Pour garder l'sourire, je me disais qu'il y a pire Gims
54%
Le seul remède c'est le temps Orelsan
54%
Je n'suis pas un écrivain, je suis plus qu'un esprit simple Vald
54%
J'monte sur scène, l'impression d'être une bête de foire PNL
46%
J'suis comme un pirate naufragé, oui, mon équipage est plus qu'endommagé Black M
38%
Ils voudraient avoir ma plata mais pour eux, j'ai que le plomo Maes
38%
J'lui dis, j'lui souhaite le meilleur, elle m'a dit, "souhaite-moi la richesse moi, fuck la santé" SDM
38%
Les aiguilles tournent mais n'ont aucun effet sur moi Damso
31%
Les gens qui parlent, ils crachent sur mon dos, ces cons sont pas vrais Favé
31%
J'vois la vie en mauve, j'suis noyé dans la codéine Hamza
31%
Je suis devenu celui dont aurait rêvé celui que je rêvais d'être Nekfeu
31%
Au pays du bleu, blanc, rouge, j'arrive en noir c'est un handicap Ninho
31%
J'suis plus un ange, je sais, en effet, on était liés, mais on s'est défait Gazo
23%
J'ai pas tourné la page j'ai juste changé de livre Jul
23%
J'viens d'en-dessous, j'peux finir au-dessus Leto
23%
Moi, j'suis une garce née, un peu trop garçonnée, méchante à cause de la pression qui me monte au nez Theodora
23%
J'pars dans le Mississippi, là où personne sait qui j'suis Kalash
15%
On n'achète rien avec des "merci", on répare rien avec des "pardon" PLK
15%
Viens voir la vie en vrai, de plus près, c'est pas la fête en vrai Tiakola
15%
J'ai des soucis plus gros qu'ma tête TK
15%
J'arrive comme le gorille, à un contre cent Freeze Corleone
8%
J'ai confiance en moi, pas en toi, donc j'fais belek à la mañana Gambi
8%
C'est dans l'pire que je suis le meilleur Kaaris
8%
Ici tout l'monde veut mourir riche, pour s'payer l'plaisir de partir en paix SCH
8%
J'aurais aimé voyager à travers le temps mais on ne peut vivre que le présent Soprano
8%
La vie est belle mais je la préfère maquillée Werenoi
8%
La vie m'a pas fait d'cadeaux, la street veut finir l'chaos Bouss
0%
Je n'peux qu'avancer quand vous me donnez du love Jok'air
0%
J'coule pas, j'ai déjà touché le fond Josman
0%
J'suis capuché dans l'auto, près à commettre un délit, regarde c'que j'suis à défaut d'être un bandit Koba LaD
0%
J'pense à trop de choses, j'peux pas te raconter toutes mes idées L2B
0%
Du mal à avancer, j'porte le poids d'mes pêchés sur le dos Lacrim
0%
Passe-moi la balle, impossible que j'loupe le panier La Mano
0%
J'prends l'trophée mais j'veux pas d'la médaille La Rvfleuse
0%
Le pilote connait pas le code de la route Nono la Grinta
0%
J'attends pas la pluie pour les soulever les trophées Timar
0%
Maman est en perquis' parce qu'ils sont là pour deux sacs Zola
0%
Aucun quiz correspondant
Distribution des résultats
% des personnes avec chaque résultat
Percentile par nombre de réponses
Votre historique - résultats
Vous n’avez pas pris ce quiz